Najpopularniejsze imiona żeńskie nadawane dzieciom w 2018 r. - Statystyki

Ogólne statystyki
  • Ten quiz został rozwiązany 2 286 razy
  • Średni wynik to 14 z 30
Statystyki odpowiedzi
Imię Liczba dzieci % Poprawnych
Anna 2966
86%
Julia 8468
83%
Aleksandra 4428
75%
Wiktoria 4248
75%
Zuzanna 8866
73%
Zofia 7928
68%
Natalia 3920
66%
Maria 5442
65%
Oliwia 5058
62%
Lena 7650
58%
Maja 8033
55%
Hanna 7723
54%
Amelia 5310
50%
Alicja 5759
48%
Martyna 2139
46%
Emilia 3995
41%
Antonina 3764
38%
Laura 3928
37%
Nikola 2053
37%
Gabriela 2933
33%
Iga 3114
33%
Pola 3565
33%
Nadia 2600
31%
Helena 2772
29%
Milena 2251
29%
Michalina 2692
26%
Kornelia 2413
25%
Marcelina 3097
24%
Klara 2093
22%
Liliana 3155
16%
Nie znaleziono quizów pasujących do podanych kryteriów
Rozkład punktacji
Procent ludzi z każdym wynikiem
Percentyl według liczby udzielonych odpowiedzi
Twoja historia wyników
Nie rozwiązałeś tego quizu